Logo BPK

Biblioteka

Politechniki Koszalińskiej

Plany obiektu i instrukcja bezpieczeństwa pożarowego na CD (Rekord nr 41200)

Szczegóły MARC
000 -ETYKIETA REKORDU
podpole kontrolne o stałej długości 01240nmm a2200337 i 4500
001 - NUMER KONTROLNY REKORDU
pole kontrolne bg
020 ## - MIĘDZYNARODOWY ZNORMALIZOWANY NUMER KSIĄŻKI - ISBN
ISBN 9788326007101
020 ## - MIĘDZYNARODOWY ZNORMALIZOWANY NUMER KSIĄŻKI - ISBN
ISBN 9788326052569
040 ## - ŹRÓDŁO KATALOGOWANIA
Instytucja, która utworzyła rekord BPK
041 ## - KOD JĘZYKA
Kod języka tekstu pol
044 ## - KOD KRAJU WYDAWCY/PRODUCENTA
Kod kraju wydawcy/producenta POL
080 ## - UNIWERSALNA KLASYFIKACJA DZIESIĘTNA - UKD
UKD 614.84
080 ## - UNIWERSALNA KLASYFIKACJA DZIESIĘTNA - UKD
UKD 349.442(438)
080 ## - UNIWERSALNA KLASYFIKACJA DZIESIĘTNA - UKD
UKD (083.1)
920 ## - Międzynarodowy znormalizowany numer książki – ISBN
ISBN 978-83-260-5256-9
008 - POLE O STAŁEJ DŁUGOŚCI - DANE KONTROLNE
podpole kontrolne o stałej długości 111027m2011 pl a |000 0 pol
245 00 - TYTUŁ/ODPOWIEDZIALNOŚĆ
Tytuł Plany obiektu i instrukcja bezpieczeństwa pożarowego na CD
Typ dokumentu [Dokument elektroniczny] /
Pozostałe elementy strefy tytułu i oznaczenia odpowiedzialności [oprac. zespół autorski].
250 ## - STREFA WYDANIA
Oznaczenie wydania Stan na listopad 2012 r.
260 ## - STREFA ADRESU WYDAWNICZEGO
Miejsce wydania Poznań :
Nazwa wydawcy/dystrybutora Wydawnictwo Forum,
Data publikacji, dystrybucji/powstania dokumentu cop. 2011- .
300 ## - STREFA OPISU FIZYCZNEGO
Objętość Dysk optyczny (CD-ROM) :
Inne cechy fizyczne kolor ;
Rozmiary 12 cm +
Dokument towarzyszący Podręcznik użytkownika : pag. varia ; 23 cm.
500 ## - UWAGI OGÓLNE
Tekst uwagi Tytuł z etykiety.
500 ## - UWAGI OGÓLNE
Tekst uwagi Opis na podstawie aktualizacji za marzec 2011.
500 ## - UWAGI OGÓLNE
Tekst uwagi Aktualizacja bieżąca.
520 ## - UWAGA DOTYCZĄCA TREŚCI DOKUMENTU
Analiza dokumentacyjna, adnotacja itp. Program umożliwiający aktualizację Instrukcji Bezpieczeństwa Pożarowego o wymagane Plany Obiektu oraz wytyczne MSWiA.
650 #4 - HASŁO PRZEDMIOTOWE W FORMIE NAZWY OGÓLNEJ LUB JEDNOSTKOWEJ
Nazwa ogólna lub geograficzna Pożarnictwo
Określnik ogólny prawo
Określnik geograficzny Polska
Określnik chronologiczny stan na 2012 r.
650 #4 - HASŁO PRZEDMIOTOWE W FORMIE NAZWY OGÓLNEJ LUB JEDNOSTKOWEJ
Nazwa ogólna lub geograficzna Budownictwo
Określnik ogólny bezpieczeństwo
-- prawo
Określnik geograficzny Polska
Określnik chronologiczny stan na 2012 r.
650 #4 - HASŁO PRZEDMIOTOWE W FORMIE NAZWY OGÓLNEJ LUB JEDNOSTKOWEJ
Nazwa ogólna lub geograficzna Instrukcje
650 #4 - HASŁO PRZEDMIOTOWE W FORMIE NAZWY OGÓLNEJ LUB JEDNOSTKOWEJ
Nazwa ogólna lub geograficzna Dokumenty elektroniczne
856 ## - LOKALIZACJA I DOSTĘP DO ELEKTRONICZNYCH DOKUMENTÓW ZDALNYCH
Link (URL) http://koha.tu.koszalin.pl/cgi-bin/koha/opac-detail.pl?biblionumber=41200
Tekst linku Katalog online BPK
942 ## - DODATKOWE ELEMENTY (KOHA)
Typ dokumentu Płyta CD
Egzemplarze
Wycofany Status egzemplarza Uszkodzony Dostępność Lokalizacja stała Lokalizacja bieżąca Miejsce przechowywania Sygnatura Kod kreskowy Dział Typ dokumentu
      Tylko na miejscu Czytelnia Wydziału Elektroniki i Informatyki, Wydziału Architektury i Wzornictwa, Wydziału Inżynierii Mechanicznej i Energetyki oraz Wydziału Inżynierii Lądowej, Środowiska i Geodezji Czytelnia Wydziału Elektroniki i Informatyki, Wydziału Architektury i Wzornictwa, Wydziału Inżynierii Mechanicznej i Energetyki oraz Wydziału Inżynierii Lądowej, Środowiska i Geodezji Czytelnia Wydziałowa ul. Śniadeckich 2 CD 1692 02510743 69:349.442 Prawo budowlane Płyta CD
© 2023 Biblioteka Politechniki Koszalińskiej :: KOHA